| 000 | 00423nam a22001697a 4500 | ||
|---|---|---|---|
| 003 | CEME | ||
| 005 | 20210628203951.0 | ||
| 008 | 210315b xxu||||| |||| 00| 0 eng d | ||
| 020 | _a0-8247-7921-5 | ||
| 040 | _c. | ||
| 082 | _a621.381046 HAN'P | ||
| 100 |
_aPecht, Michael _968074 |
||
| 245 | _aHandbook of electronic package design | ||
| 260 |
_aNEWYORK _bMARCEL DEKKER _c1991 |
||
| 300 | _aXII,871P | ||
| 942 |
_cBK _2ddc |
||
| 999 |
_c575727 _d575727 |
||